1253 1590 1283 1109 1336 1938 1576 1270 1597 1973 1907 1096 1549 1259 1213 1219 1946 1248 1119 1880 1641 1726 1711 1416 1929 1533 1296 1136 1262 1779 1371 1942 1809 1546 1548 1384 1242 1407 1106 1260 1211 1870 1422 1352 1402 1159 1128 1090 1291 1865 1061 1027 1359 1256 1257 1500 1309 1975 1376 1414 1457 1552 1674 1523 1278 1804 1637 1643 1266 1462 1414 1992 1333 1453 1292 1488 1441 1334 1682 1079 1244 1299 1715 1879 1841 1504 1304 1978 1461 1346 1299 1502 1873 1855 1694 1514 1818 1820 1754 BCNSPRNW ULIB Ver.6.0+V

เปลี่ยนเป็นภาษาไทย

Change to English
 แสดงรายละเอียดบรรณานุกรม
  กลับหน้าหลัก

Brief Record : Get Marc (ISO 2709) : E-mail record : QR code < ปิดหน้าต่าง
LEADER : 00000nam 2200000uu 4500
001    13399128994
003     ULIB
008    250501s2567||||th 000 0 tha d
020 ^^ ^a9786162716256
060 ^^ ^aWY150.2^bก671ก
100 ^^ ^aกิตติกร นิลมานัต.
245 ^^ ^aการพยาบาลผู้ป่วยผู้ใหญ่และผู้สูงอายุที่มีปัญหาทางอายุรศาสตร์ :^bกรณีศึกษา /^cกิตติกร นิลมานัต, วราภรณ์ คงสุวรรณ, บรรณาธิการ
250 ^^ ^aพิมพ์ครั้งที่ 2
260 ^^ ^aสงขลา :^bสาขาวิชาการพยาบาลผู้ใหญ่และผู้สูงอายุ คณะพยาบาลศาสตร์ มหาวิทยาลัยสงขลานครินทร์, ^c2567
300 ^^ ^avi, 170 หน้า :^bภาพประกอบ, ตาราง ;^c24 ซม.
505 ^^ ^aสารบาญ: การใช้กระบวนการพยาบาลสำหรับผู้ป่วยผู้ใหญ่และผู้สูงอายุที่มีปัญหาทางอายุรศาสตร์ - - การพยาบาลผู้ป่วยที่มีภาวะเลือดออกในระบบทางเดินอาหารส่วนบน - - การพยาบาลผู้ป่วยโรคหืด - - การพยาบาลผู้ป่วยโรคไตวายเรื้อรัง - - การพยาบาลผู้ป่วยวิกฤตที่มีภาวะหายใจล้มเหลว - - การพยาบาลผู้ป่วยที่มีการหย่าเครื่องช่วยหายใจ - - การพยาบาลผู้ป่วยวิกฤตระยะสุดท้ายและใกล้ตาย
590 ^^ ^aกิตติกร นิลมานัต, และวราภรณ์ คงสุวรรณ (บรรณาธิการ). ^bการพยาบาลผู้ป่วยผู้ใหญ่และผู้สูงอายุที่มีปัญหาทางอายุรศาสตร์: กรณีศึกษา ^c(พิมพ์ครั้งที่ 2). ^dสาขาวิชาการพยาบาลผู้ใหญ่และผู้สูงอายุ คณะพยาบาลศาสตร์ มหาวิทยาลัยสงขลานครินทร์.
591 ^^ ^aกิตติกร นิลมานัต, วราภรณ์ คงสุวรรณ, บรรณาธิการ. การพยาบาลผู้ป่วยผู้ใหญ่และผู้สูงอายุที่มีปัญหาทางอายุรศาสตร์: กรณีศึกษา. พิมพ์ครั้งที่ 2. สงขลา: สาขาวิชาการพยาบาลผู้ใหญ่และผู้สูงอายุ คณะพยาบาลศาสตร์ มหาวิทยาลัยสงขลานครินทร์; 2567.
650 ^^ ^aผู้ใหญ่ ^xการพยาบาล
690 ^^ ^aสาขาวิชาการพยาบาลผู้ใหญ่
700 ^^ ^aวราภรณ์ คงสุวรรณ
945    ^p250^l0^i011314
945    ^p250^l0^i011315
945    ^p250^l0^i011321
945    ^p250^l0^i011322
999    ^aประนอม เกษจรัล
รายการนี้ยังไม่มีแท็ก
คุณยังไม่ได้ล็อกอิน คุณสามารถมีกิจกรรมร่วมกับเว็บไซต์ได้ แต่ต้องล็อกอินก่อน ::
  ล็อกอิน

รายการสื่อสารสนเทศ

ลำดับที่ ประเภท เลขเรียก/บาร์โค้ด สถานที่ สถานะ
1. Book การพยาบาล
หนังสือสำรอง
สถานะ=หนังสือสำรอง
WY150.2 ก671ก ฉ.1 
  Barcode: 011314
ห้องสมุดวิทยาเขตสวรรค์ประชารักษ์
►หนังสือทั่วไป
ถูกยืม กำหนดส่งวันที่ 2 กุมภาพันธ์ 2569
  จอง
2. Book การพยาบาล
Book การพยาบาล
WY150.2 ก671ก ฉ.2 
  Barcode: 011315
ห้องสมุดวิทยาเขตสวรรค์ประชารักษ์
►หนังสือทั่วไป
บนชั้น
3. Book การพยาบาล
Book การพยาบาล
WY150.2 ก671ก ฉ.3 
  Barcode: 011321
ห้องสมุดวิทยาเขตสวรรค์ประชารักษ์
►หนังสือทั่วไป
บนชั้น
4. Book การพยาบาล
Book การพยาบาล
WY150.2 ก671ก ฉ.4 
  Barcode: 011322
ห้องสมุดวิทยาเขตสวรรค์ประชารักษ์
►หนังสือทั่วไป
บนชั้น

BibComment


ยังไม่เคยถูกคอมเมนท์

คอมเมนท์ทรัพยากรรายการนี้
  คอมเมนท์: การพยาบาลผู้ป่วย..


 Copyright 2026. Bcnsprnw @Library